Soedan Trivia Quiz - Statistieken

Algemene statistieken
  • Deze quiz is 293 keer genomen
  • De gemiddelde score is 16 van 20
Antwoordstatistieken
Hint Antwoord % Correct
Aangrenzende landen Egypte
97%
Aangrenzende landen Zuid-Soedan
97%
Aangrenzende landen Ethiopië
94%
Dominante religie Islam
94%
Aangrenzende landen Tsjaad
94%
Aangrenzende landen Libië
92%
Aangrenzende landen Eritrea
91%
Langste rivier Nijl
90%
Woestijn die het merendeel van het land beslaat Sahara
90%
Aangrenzende landen Centraal-Afrikaanse Republiek
84%
Officiële talen Arabisch
82%
Zee die aan Soedan grenst Rode Zee
82%
Soedan heeft de op één na hoogste populatie van dit woestijndier Kameel
81%
Officiële talen Engels
79%
Hoofdstad Khartoem
79%
Belangrijkste zijrivieren van de bovenstaande Blauwe Nijl
63%
Belangrijkste zijrivieren van de bovenstaande Witte Nijl
63%
Regio waar in de 21e eeuw een genocide plaatsvond Darfur
51%
Grootste stad aan die zee Port Soedan
42%
Naam van de historische regio in Noord-Soedan Nubië
39%
Geen overeenkomende quizzen gevonden
Scoreverdeling
Procent van Mensen met Elke Score
Percentiel versus Aantal Correcte Antwoorden
Uw Scoregeschiedenis
U heeft deze quiz nog niet genomen